Common English Word Comparison Quiz Stats

Quiz Updated Apr 17, 2016

Challenge
Share
Tweet
Embed
Score 0/50 Timer 04:00
3 Plays Today
Which Word? A or B % Correct
A) On or B) Over???
78.4%
A) One or B) Two???
78.1%
A) In or B) Out???
75.7%
A) With or B) These???
74.9%
A) Good or B) Well???
73.4%
A) Us or B) You???
72.3%
A) Will or B) Way???
72.1%
A) They or B) Them???
71.4%
A) The or B) And???
70.7%
A) He or B) She???
70.5%
A) All or B) Most???
70.3%
A) Get or B) Back???
69.1%
A) Our or B) My???
68.5%
A) Its or B) It???
68.3%
A) Some or B) No???
66.5%
A) Do or B) To???
66.2%
A) Only or B) As???
61.7%
A) Who or B) What???
61.5%
A) People or B) Work???
59.6%
A) At or B) So???
59.1%
A) Of or B) Or???
59%
A) Say or B) Think???
58.6%
A) Make or B) New???
58.2%
A) A or B) I???
57.5%
A) Up or B) His???
57.1%
Which Word? A or B % Correct
A) Be or B) For???
54%
A) Come or B) Go???
53.1%
A) Have or B) Not???
51.1%
A) Look or B) See???
50.2%
A) Can or B) An???
48.1%
A) By or B) Like???
47.9%
A) First or B) Other???
46%
A) From or B) There???
45.9%
A) Even or B) Just???
45.8%
A) How or B) When???
45.5%
A) If or B) But???
42.6%
A) After or B) Which???
40.9%
A) Give or B) Take???
37.8%
A) This or B) That???
37.4%
A) Could or B) Would???
33%
A) Than or B) Then???
32.4%
A) Now or B) Know???
29.1%
A) About or B) Because???
29.1%
A) Also or B) Into???
28.3%
A) Her or B) Him???
26.8%
A) Any or B) Time???
23.1%
A) Me or B) We???
22.7%
A) Your or B) Their???
21%
A) Year or B) Day???
19.2%
A) Want or B) Use???
18.6%

You're not logged in!

Compare scores with friends on all Sporcle quizzes.
Sign Up with Email
OR
Log In

You Might Also Like...

Show Comments

Extras

Top Quizzes Today


Score Distribution

Your Account Isn't Verified!

In order to create a playlist on Sporcle, you need to verify the email address you used during registration. Go to your Sporcle Settings to finish the process.